000
00251nam a22000977a 4500
082
_a
658.025 DIR'E
245
_a
DIRECTORY OF VENDOR INDUSTRIES AND CONSTRUCTIONS
260
_a
ISLAMABAD
_b
MINISTRY OF PRODUCTION
_c
1990
300
_a
VOL-1&2
942
_c
BK
999
_c
567407
_d
567407